000 00369nam a2200133Ia 4500
008 220530s9999 xx 000 0 und d
041 _aeng
082 _a540.618
_bDAR
100 _aDara.S.S
_954588
245 _aA Textbook of Environmental Chemistry and Pollution Control
260 _aDelhi
_bS.Chand & Co Ltd
_c2010
300 _aXIII, 402
_bPB
906 _a35
_bALIED
999 _c49915
_d49915